000 00264nam a22001097a 4500
008 170120b xxu||||| |||| 00| 0 eng d
020 _a9780323031943
041 _aeng
080 _22ND
_a618.2
245 _aNANDA, NOC, AND NIC LINKAGES
_cJOHNSON, M
942 _2udc
_cBK
999 _c3298
_d3298